MARC

Tag First Indicator Second Indicator Subfields
LEADER 00000cam a2200000 a 4500
001 in00001991613
005 20151031111057.0
008 831007s1983 enka b 001 0deng
010 |a  83211218  
015 |a GB84-33603 
019 |a 12471446 
020 |a 090418014X :  |c £16.00 
035 |a (OCoLC)ocm09990808 
040 |a DLC  |c DLC  |d UKM  |d MUQ  |d LAS  |d TXA  |d UtOrBLW 
043 |a n-usn--  |a e-uk-en 
049 |a TXAM 
050 0 0 |a G161  |b .H2 2d ser. no.161  |a F7 
082 0 0 |a 975.5/01  |2 19 
245 0 4 |a The English New England voyages, 1602-1608 /  |c edited by David B. Quinn and Alison M. Quinn. 
264 1 |a London :  |b Hakluyt Society,  |c 1983. 
300 |a xxiv, 580 pages :  |b illustrations ;  |c 22 cm. 
336 |a text  |b txt  |2 rdacontent 
337 |a unmediated  |b n  |2 rdamedia 
338 |a volume  |b nc  |2 rdacarrier 
490 1 |a Works issued by the Hakluyt Society ;  |v 2nd ser., no. 161 
504 |a Bibliography: pages 528-546. 
500 |a Includes index. 
505 2 |a Gabriel Archer's account of Captain Bartholomew Gosnold's voyage to 'North Virginia' in 1602 -- John Brereton, A briefe and true relation ... 1602 -- Contemporary correspondence on the 1602 voyage -- Martin Pring's voyage to 'North Virginia' in 1603 -- Preludes to the Waymouth voyage of 1605 -- James Rosier, A true relation, 1605 -- Abortive North Virginia projects, 1605-1607 -- The North Virginia voyages under the 1606 Virginia Company charter : general accounts -- The first expedition to North Virginia under the 1606 charter : the fate of the Richard, Henry Challons captain -- The preliminaries to the 1607 voyage -- The Davies journal of the 1607 North Virginia voyage -- Incidental documents on the 1607-1608 voyages -- Evidence on New England from Indian sources, 1605-1614 -- Appendix I. James Rosier's list of Indian (Eastern Abenaki) words, analysed by Philip L. Barbour -- Appendix II. Disputed points of the voyages of 1602-1608 -- Appendix III. Maps of New England of the 1606-1610 period. 
651 0 |a New England  |x Description and travel  |v Early works to 1800. 
651 0 |a America  |x Discovery and exploration  |x British. 
650 0 |a Explorers  |z Great Britain  |v Biography. 
650 0 |a Explorers  |z New England  |v Biography. 
651 4 |a New England  |x Description and travel  |y To 1775. 
653 |a New England  |a Description & travel, 1602-1608 
650 6 |a Voyageurs  |z Grande-Bretagne. 
651 6 |a Nouvelle-Angleterre  |x Découverte et exploration. 
700 1 |a Quinn, David B. 
700 1 |a Quinn, Alison M. 
830 0 |a Works issued by the Hakluyt Society ;  |v 2nd ser., no. 161. 
948 |a cataloged  |b h  |c 2005/2/24  |d c  |e jgreene  |f 1:38:31 pm 
994 |a C0  |b TXA 
999 |a MARS 
999 f f |s acdc0f63-d547-35d5-9e3e-9742ae5765d0  |i a912c2dd-6819-323f-acec-93f566f9e904  |t 0 
952 f f |p normal  |a Texas A&M University  |b College Station  |c Sterling C. Evans Library  |d Evans: Library Stacks  |t 0  |e G161 .H2 2d ser., no.161  |h Library of Congress classification  |i unmediated -- volume  |m A14832309437 
998 f f |a G161 .H2 2d ser., no.161  |t 0  |l Evans: Library Stacks